000 00455nam a2200181Ia 4500
008 220531s9999 xx 000 0 und d
041 _aeng
082 _bCHA
100 _aChasker, A. &. Others. Ed.
_958768
245 _aGems Of English Prose And Poetry
250 _a1ST
260 _aHyderabad
_bOrient Black Swan
_c2013
300 _a138
542 _d05-09-2013
650 _aEnglish
_958769
906 _d2013-2014
999 _c33669
_d33669